Score 0/31 Timer 07:00
1 Play Today
Hint Answer % Correct
He sees you when you're sleeping, he knows when you're awakeSanta Claus
87.7%
Toucan Sam cerealFroot Loops
86.6%
Elected president of South Africa after a 27-year imprisonmentNelson Mandela
77.2%
Goggles for the darkNight vision
76.4%
Person behind the Livestrong wristbandLance Armstrong
76.1%
Scientist known for his laws on motion and universal gravitationIsaac Newton
76%
Patriots is the team name for this U.S. collective areaNew England
73.2%
The first assassinated US PresidentAbraham Lincoln
73.2%
Show with Tim 'The Toolman' Taylor and his assistant Al 'Table for One' BorlandHome Improvement
71.2%
Home to Quasimodo or Touchdown JesusNotre Dame
70.9%
Taekwondo, karate and aikidoMartial arts
70.1%
Pixar film with the tagline 'You won't believe your eye'Monsters Inc.
68.8%
Albanian nun famous for her work in CalcuttaMother Teresa
68.4%
Canine member of the Mystery GangScooby-Doo
64.6%
Patriotic superhero with an indestructible shieldCaptain America
59.8%
Servants of Lord VoldemortDeath Eaters
56%
Hint Answer % Correct
In baseball, the next best thing to a perfect gameNo-hitter
54.6%
Hypothetical temperature at which all molecular activity ceasesAbsolute zero
52.1%
Jack Bauer portrayerKiefer Sutherland
50.4%
'Tonight Show' host with the shortest tenureConan O'Brien
49.9%
What the initials to each two-word answer in this quiz representUS States abbreviations
48.6%
Regional manager of the Dunder-Mifflin branch at ScrantonMichael Scott
48.5%
19th century belief that the United States was destined to expand its territory and influenceManifest Destiny
45.9%
Song with the lyric 'Got to be a joker he just do what he please'Come Together
44.5%
David Crosby, Stephen Stills, Graham Nash and...Neil Young
44%
The Hokies of the Atlantic Coast ConferenceVirginia Tech
43.3%
Director of 'Annie Hall' and 'Deconstructing Harry'Woody Allen
40.3%
'No taxation without representation' led to this movementAmerican Revolution
39.5%
Sir Edmund Hillary's conquestMount Everest
39.4%
Daughter of Ravi Shankar with the hit 'Don't Know Why'Norah Jones
27.8%
The body one addresses when speaking before the United NationsGeneral Assembly
17.3%
Remove Ads.
Support Sporcle.
Get the best of Sporcle when you Go Orange. This ad-free experience offers more features, more stats, and more fun while also helping to support Sporcle. Thank you for becoming a member.

You're not logged in!

Compare scores with friends on all Sporcle quizzes.
OR
Log In

Show Comments

Extras

Top Quizzes Today


Score Distribution

Your Account Isn't Verified!

In order to create a playlist on Sporcle, you need to verify the email address you used during registration. Go to your Sporcle Settings to finish the process.

Report this User

Report this user for behavior that violates our Community Guidelines.

Details: